| 000 | 00622nam a2200181 i 4500 | ||
|---|---|---|---|
| 001 | 140339 | ||
| 003 | ES-MaACL | ||
| 005 | 20230906200046.0 | ||
| 007 | t| | ||
| 008 | 070214s1949 sp r ||||1| spa d | ||
| 100 | 1 |
_aSegura OtaƱo, Enrique. _9105204 |
|
| 245 | 1 | 3 |
_aLa `Revista de Portugal` y `Los vencidos de la vida` / _cEnrique Segura. |
| 260 |
_aMadrid : _b[Instituto Antonio de Nebrija], _c1949. |
||
| 300 |
_a12 p. ; _c24 cm. |
||
| 500 | _aSeparata de: Cuadernos de Literatura, fasc. 13-14-15, enero-junio 1949, p. 239-250. | ||
| 630 | 0 | 4 |
_aRevista de Portugal. _9164639 |
| 852 |
_aES-MaACL _j1913-F-12 _bR.29877 |
||
| 999 |
_c140339 _d140339 |
||